00301pab a2200121 454500008004000000100001800040245005900058260000900117300001200126362001100138650001500149773001500164180718b1998 xxu||||| |||| 00| 0 eng d aChaubey, P.K. aIntroduction of an anomaly in personal income taxation c1998 ap.13-14 a11 Jul aIncome tax aMainstream